Stany USA o największej populacji rdzennych Amerykanów - Statystyki

Ogólne statystyki
  • Ten quiz został rozwiązany 719 razy
  • Średni wynik to 5 z 10
Statystyki odpowiedzi
Liczba rdzennych
Amerykanów
Stan % Poprawnych
362,801 Kalifornia
80%
296,529 Arizona
63%
103,869 Waszyngton
63%
193,222 Nowy Meksyk
62%
106,906 Nowy Jork
55%
104,871 Alaska
46%
71,817 Dakota Południowa
46%
321,687 Oklahoma
38%
122,110 Karolina Północna
32%
170,972 Texas
24%
Nie znaleziono quizów pasujących do podanych kryteriów
Rozkład punktacji
Procent ludzi z każdym wynikiem
Percentyl według liczby udzielonych odpowiedzi
Twoja historia wyników
Nie rozwiązałeś tego quizu